| 000 | 00520nam a22001817a 4500 | ||
|---|---|---|---|
| 003 | DO-SdBNP | ||
| 005 | 20180201101836.0 | ||
| 008 | 151202b 2001 dr ||||| |||| 00| 0 spa d | ||
| 040 |
_aBPMSU _bspa _cBPMSU |
||
| 100 | 1 | _4Mercedes, Andrés H. | |
| 245 | 1 | 0 |
_aObreros nacidos del altar / _cAndrés H. Mercedes. |
| 260 |
_aSanto Domingo : _bEl Nuevo Diario, _c2001. |
||
| 300 |
_a77 p. ; _c18 cm. |
||
| 504 | _aBibliografía : p. 77 | ||
| 942 |
_2ddc _cBK |
||
| 945 | _aInventariado, 2018 /LP | ||
| 956 |
_aLOPEREZ _b10 |
||
| 999 |
_c8989 _d8989 |
||